Afrykańskie Stolice - nagła śmierć - Statystyki

Ogólne statystyki
  • Ten quiz został rozwiązany 75 razy
  • Średni wynik to 10 z 15
Answers on the Grid
Answers color-coded by a green-red scale on the quiz's grid according to % correct below.
Kigali
Abudża
Konakry
Suva
Rijad
Chartum
Berlin
Caracas
Bukareszt
Ndżamena
Maputo
Ankara
Dodoma
Niamey
Maskat
Kair
Bamako
Sri Dźajwardanapura Kotte
Antananarywa
Damaszek
Managua
San Jose
Kinszasa
Jamusukro
Palikir
Praia
Nikozja
Port Moresby
Hanoi
Gitega
 
Statystyki odpowiedzi
Odpowiedź % Poprawnych
Abudża
84%
Kair
76%
Kigali
76%
Maputo
73%
Chartum
71%
Ndżamena
69%
Niamey
69%
Antananarywa
63%
Konakry
63%
Bamako
61%
Dodoma
59%
Kinszasa
59%
Jamusukro
57%
Praia
51%
Gitega
49%
Nie znaleziono quizów pasujących do podanych kryteriów
Rozkład punktacji
Procent ludzi z każdym wynikiem
Percentyl według liczby udzielonych odpowiedzi
Twoja historia wyników
Nie rozwiązałeś tego quizu